000 00871 a2200229 4500
999 _c9154
_d9154
020 _a9780199251667 (pbk. : alk. paper)
050 0 0 _aK1003 TRA 2007
100 _aGoode Roy
_eauthor
245 0 0 _aTransnational commercial law :
_btext, cases, and materials /
_cRoy Goode ... [et al.].
264 _aOxford :
_bOxford press:
_c2007.
300 _alxi, 770 p. ;
500 _aIncludes bibliographical references and index.
504 _aIncludes bibliographical references and index.
650 0 _aCommercial law.
650 0 _aConflict of laws
_xCommercial law.
700 1 _aHerbert Kronke
_eauthor
700 1 _aEwan McKendrick
_eauthor
700 1 _aJeffrey Wool
_eauthor
856 4 1 _3Table of contents only
_uhttp://www.loc.gov/catdir/toc/ecip0713/2007010961.html
942 _2lcc
_cBK
_h1003
_iTRA
_kK